书目信息 |
| 题名: |
心理治疗基础
|
|
| 作者: | 许又新 著 | |
| 分册: | ||
| 出版信息: | 贵阳 贵州教育出版社 1999 |
|
| 页数: | 172页 | |
| 开本: | 20cm | |
| 丛书名: | 心理治疗与心理咨询丛书 | |
| 单 册: | ||
| 中图分类: | R749.055 , R459.9 | |
| 科图分类: | ||
| 主题词: | 精神疗法 , 治疗学 | |
| 电子资源: | ||
| ISBN: | 7-80650-049-9 | |
| 000 | 00911nam2 2200277 450 | |
| 001 | 1538452858 | |
| 005 | 20150125104154.03 | |
| 010 | @a7-80650-049-9@dCNY10.00 | |
| 100 | @a20021005d1999 em y0chiy0110 ea | |
| 101 | 0 | @achi |
| 102 | @aCN@b520000 | |
| 105 | @ay z 000yy | |
| 200 | 1 | @a心理治疗基础@9xin li zhi liao ji chu@f许又新著 |
| 210 | @a贵阳@c贵州教育出版社@d1999 | |
| 215 | @a172页@d20cm | |
| 225 | 2 | @a心理治疗与心理咨询丛书@v2 |
| 314 | @a许又新(1928-),原籍湖南长沙市,北京医科大学精神病学教授,兼中国心理卫生协会常务理事及心理治疗与心理咨询委员会主任委员 | |
| 330 | @a本书向初学者介绍心理治疗的基础知识,包括基础性的理论概念和技术概念。 | |
| 461 | 0 | @12001 @a心理治疗与心理咨询丛书 |
| 606 | 0 | @a精神疗法 |
| 606 | 0 | @a治疗学 |
| 690 | @aR749.055@v5 | |
| 690 | @aR459.9@v4 | |
| 701 | 0 | @a许又新@9xu you xin@f(1928~)@4著 |
| 801 | 0 | @aCN@bTSSF@c20150125 |
| 905 | @aZUCC@dR459.9@eJY1 | |
| 心理治疗基础/许又新著.-贵阳:贵州教育出版社,1999 |
| 172页;20cm.-(心理治疗与心理咨询丛书;2) |
| ISBN 7-80650-049-9:CNY10.00 |
| 本书向初学者介绍心理治疗的基础知识,包括基础性的理论概念和技术概念。 |
| ● |
| 相关链接 |
|
|
|
|
正题名:心理治疗基础
索取号:R459.9/JY1
 
预约/预借
| 序号 | 登录号 | 条形码 | 馆藏地/架位号 | 状态 | 备注 |
| 1 | 7858687 | 278586870 | 学院路分馆/ [索取号:R459.9/JY1] | 在馆 |